Soccer World Cup 2026 - All Participants - Statistics

General Stats
  • This quiz has been taken 34 times
    12 since last reset
  • The average score is 12 of 24
Answer Stats
Country % Correct
United States
91%
Argentina
73%
Canada
73%
Japan
73%
Mexico
73%
Australia
64%
Brazil
64%
Colombia
64%
South Korea
64%
Ghana
55%
Uzbekistan
55%
Ecuador
45%
Egypt
45%
New Zealand
45%
Paraguay
45%
Uruguay
45%
Algeria
36%
Iran
36%
Jordan
36%
Morocco
36%
South Africa
36%
Senegal
18%
Tunesia
9%
Cap Verde
0%
No matching quizzes found
Score Distribution
Percent of People with Each Score
Percentile by Number Answered
Your Score History
You have not taken this quiz since the last reset